| 000 | 00530 a2200181 4500 | ||
|---|---|---|---|
| 020 | _a0697282732 | ||
| 040 |
_aDLC _bDLC |
||
| 082 | _a551.46 | ||
| 100 | 1 | _aDuxbury, Alyn C., | |
| 245 | 1 | 3 |
_aAn introduction to the world's oceans _cAlyn C. Duxbury, Alison B. Duxbury. |
| 246 | 3 | 0 | _aWorld's oceans. |
| 250 | _a5th ed. | ||
| 260 |
_aDubuque, IA : _bWm. C. Brown Publishers, _cc1997. |
||
| 300 |
_axv, 504 p. : _bill. (some col.) ; _c29 cm. |
||
| 650 | 0 | _aOceanography. | |
| 700 | 1 | _aDuxbury, Alison. | |
| 942 |
_cBK _k551.46 DUX _2ddc |
||
| 999 |
_c7924 _d7924 |
||